| 000 | 01179nam a22002775a 4500 | ||
|---|---|---|---|
| 999 |
_c27063 _d27035 |
||
| 003 | EG-ScBUE | ||
| 005 | 20190131160637.0 | ||
| 008 | 190131s2013 ua frb 000 0 ara d | ||
| 040 |
_aEG-ScBUE _bara _cEG-ScBUE _dEG-ScBUE |
||
| 043 | _af-ua--- | ||
| 082 | 0 | 4 |
_a346.62015 _bس ك ي _222 |
| 100 | 1 | _aسكيكر، محمد علي. | |
| 245 | 1 | 0 |
_aفقه الإجراءات أمام محاكم الأسرة : _bدراسة تحليلية تأصيلية مقارنة / _cمحمد علي سكيكر. |
| 260 |
_a[القاهرة] : _bنادي القضاة، _c2013. |
||
| 300 |
_a408 ص. ؛ _c24 سم. |
||
| 504 | _aيشتمل على إرجاعات ببليوجرافية. | ||
| 541 |
_aد. أحمد حمد ؛ _cإهداء ؛ |
||
| 650 | 7 |
_aالأحوال الشخصية _xقوانين وتشريعات _zمصر. _2BUEsh |
|
| 650 | 7 |
_aالأحوال الشخصية (فقه إسلامي) _2BUEsh _941147 |
|
| 650 | 7 |
_aالأسرة _xقوانين وتشريعات _zمصر. _2BUEsh |
|
| 650 | 7 |
_aالأسرة (فقه إسلامي) _2BUEsh |
|
| 650 | 7 |
_aمحاكم الأحوال الشخصية _zمصر. _2BUEsh |
|
| 651 | _2BUEsh | ||
| 653 |
_bLLAAWW _cJanuary2019 |
||
| 942 | _2ddc | ||